000 00249nmm a2200085Ia 4500
008 220120s9999||||xx |||||||||||||||||und||
100 _aDigit
245 0 _aDigit-Dec : Fedora 16, over 2.5gb of full games
260 _aNine dot nine interactive ltd.
_c2011
999 _c139708
_d139708